000 00257nam a2200097Ia 4500
001 1176406
005 20250827012709.0
008 250824s9999 xx 000 0 und d
245 0 _aBÜLBÜL KORUSUNUN GİZEMİ
_cLUCY STRANGE
260 _bHEP KİTAP YAYINLARI
999 _c1176406
_d1176406